| 000 | nam a22 7a 4500 | ||
|---|---|---|---|
| 999 |
_c7165 _d7165 |
||
| 003 | OSt | ||
| 005 | 20181017121912.0 | ||
| 008 | 181017e201706 spc b 000 0bspa d | ||
| 017 |
_aDL B. 13394-2017 _bBiblioteca de Catalunya |
||
| 020 | _a9788416372409 | ||
| 040 |
_aES-BaUAB _bcat _cCDMR |
||
| 100 | 1 |
_aCabré, Ma. Ángeles, _d1968- |
|
| 245 | 1 | 0 |
_aMaría Luz Morales, pionera del periodismo _c/ Ma. Ángeles Cabré |
| 260 |
_aBarcelona : _bLa Vanguardia Ediciones, _c2017 |
||
| 300 |
_a151 p. ; _c17 cm |
||
| 504 | _aBibliografia: pàgines 139-151 | ||
| 600 | 1 | 0 |
_aMorales, María Luz _d1889-1980 _92857 |
| 650 | 7 |
_aPeriodistes _zEspanya _xBiografia _2lemac |
|
| 650 | 4 |
_aDones periodistes _zEspanya _xBiografia _92913 |
|
| 650 | 7 |
_aDones periodistes _zEspanya _yS. XX _2lemac _92913 |
|
| 942 | _cMON | ||